000
00327nam a2200133Ia 4500
008
191201s2000 xx 000 0 und d
100
_a
PRAKASH, K
245
0
_a
Heritage Traditional Border Collection
250
_a
1st
260
_a
N.Delhi
_b
The Design Point
_c
2000
300
_a
168
650
_a
B.Tech(TE)
942
_2
ddc
_c
BK
999
_c
2585
_d
2585